|
|
|
|
| LEADER |
00000nam2a2200000 4500 |
| 001 |
280502 |
| 005 |
20231101235318.0 |
| 020 |
|
|
|a RU
|b 86-54124
|
| 035 |
|
|
|a (RuTPU)RU\TPU\book\303811
|
| 090 |
|
|
|a 280502
|
| 100 |
|
|
|a 20141229g1986 k y0rusy5003 ca
|
| 101 |
0 |
|
|a rus
|
| 102 |
|
|
|a RU
|
| 105 |
|
|
|a y z 101zy
|
| 200 |
0 |
|
|a Т. 2
|
| 210 |
|
|
|d 1986
|
| 215 |
|
|
|a 216 с.
|
| 320 |
|
|
|a Авторский указатель: с. 203-205
|
| 461 |
|
1 |
|0 (RuTPU)RU\TPU\book\302155
|t Происхождение и эволюция магматических формаций в истории Земли
|f Академия наук СССР (АН СССР), Сибирское отделение (СО), Институт геологии и геофизики (ИГиГ) ; под ред. Л. Г. Кузнецовой
|v Т. 2
|d 1986
|
| 606 |
1 |
|
|a Магматизм
|2 stltpush
|3 (RuTPU)RU\TPU\subj\40702
|9 60544
|
| 606 |
1 |
|
|a Геологические формации, магматические
|2 stltpush
|3 (RuTPU)RU\TPU\subj\6087
|9 34047
|
| 610 |
1 |
|
|a вулканогенные формации
|
| 610 |
1 |
|
|a петрохимия
|
| 610 |
1 |
|
|a вулканизм
|
| 610 |
1 |
|
|a андезиты
|
| 610 |
1 |
|
|a ультрамафиты
|
| 610 |
1 |
|
|a петрология
|
| 610 |
1 |
|
|a гипербазиты
|
| 610 |
1 |
|
|a деформация
|
| 610 |
1 |
|
|a литосфера
|
| 610 |
1 |
|
|a кимберлитовые породы
|
| 610 |
1 |
|
|a щелочные породы
|
| 610 |
1 |
|
|a состав
|
| 610 |
1 |
|
|a строение
|
| 610 |
1 |
|
|a граниты
|
| 610 |
1 |
|
|a рудоносность
|
| 610 |
1 |
|
|a совещания
|
| 610 |
1 |
|
|a Новосибирск
|
| 675 |
|
|
|a 552.11(063)
|v 3
|
| 675 |
|
|
|a 552.3(063)
|v 3
|
| 801 |
|
0 |
|a RU
|b RuMRKP
|c 19950704
|g psbo
|
| 801 |
|
1 |
|a RU
|b 63413507
|c 20141229
|
| 801 |
|
2 |
|a RU
|b 63413507
|c 20160607
|g RCR
|
| 942 |
|
|
|c BK
|